Linea 1 Metro de Santiago - Statistics

General Stats
  • This quiz has been taken 64 times
  • The average score is 18 of 27
Answer Stats
Answer % Correct
Baquedano
90%
Los Domínicos
88%
Los Leones
86%
Tobalaba
84%
El Golf
80%
Los Héroes
76%
U de Chile
75%
Alcántara
73%
Estación Central
73%
Pedro de Valdivia
73%
ULA
73%
Escuela Militar
71%
Manuel Montt
71%
La Moneda
69%
Manquehue
69%
Salvador
69%
U Católica
69%
Hernando de Magallanes
67%
Pajaritos
65%
Santa Lucía
63%
Neptuno
59%
U de Santiago
55%
Las Rejas
51%
Ecuador
49%
San Alberto Hurtado
45%
Repúbliva
8%
San Ramón
8%
No matching quizzes found
Score Distribution
Percent of People with Each Score
Percentile by Number Answered
Your Score History
You have not taken this quiz